Quizzes
Events
Quiz Creation
Community
Videos
Private Events
Remove Ads
Sign In
Join for FREE
Feedback
Dark Mode
Quiz Categories
Sports
Geography
Music
Movies
Television
Just For Fun
Miscellaneous
History
Literature
Language
Science
Gaming
Entertainment
Religion
Holiday
For Kids
Quiz Lab
Recent
Popular Today
Quiz Kudos Today
Editor Picks
Curator Picks
Quizzes by...
Day
Popularity
Type
Ratings
Length
Year
Community
Subscriptions
Recent Discussions
Orange Saloon
Badges
Playlists
Quests
Create
Leaderboards
Showdown
Live 5
Trivia Bingo
Activity
Puzzle Library
Sporcle Events
Private Events
Virtual Trivia
Globe League
Become a Host
Pub Owners
SporcleCon
Opinionation
Our Games
Videos
Blog
Mobile Apps
Partnerships
Remove Ads and Go Orange
Feedback
Just For Fun
Clickable
Get the Picture
Humor
Quick Pick
Word Ladder
Missing Word
Mixed Word
Blitz
Minefield
This or That
Alphabet
Color
Typing
Sporcle
Puzzle
Word Play
Follow That Line
Logic
Just For Fun
Clickable
Get the Picture
Humor
Quick Pick
Word Ladder
Missing Word
Mixed Word
Blitz
Minefield
This or That
Alphabet
Color
Typing
Sporcle
Puzzle
Word Play
Follow That Line
Logic
Random Quiz
Search Sporcle
×
Quiz Lab
Quiz Lab
Just For Fun
Typing
Type in answers that appear in a list
Type in answers that appear in a list
Classic
Best Score? Go Orange.
Buffy/Angel Typing Challenge Stats
Can you name the Buffy/Angel Typing Challenge ?
By
itsme333
60s
38 Questions
2,842 Plays
2,842 Plays
2,842 Plays
Comments
Comments
Give Quiz Kudos
Give Quiz Kudos
-
- Ratings
hide this ad
No Skip
Answers have to be entered in order without skipping
Answers have to be entered in order without skipping
Replay
Link that replays current quiz
Next Quiz
Link to next quiz in quiz playlist
You Got
0%
They Got
Avg Score
77%
Avg Friend Score
Upgrade to see
Score Distribution
Jump to the score distribution portion of the page
Score
0/38
Timer
01:00
0
Plays Today
Type this:
Type Faster!
% Correct
?
???
100%
?
???
99.4%
?
???
98.7%
?
???
98.4%
?
???
98.2%
?
???
97.9%
?
???
97.6%
?
???
97.3%
?
???
97.1%
?
???
96.8%
?
???
96.5%
?
???
96.2%
?
???
95.8%
?
???
95.5%
?
???
95.3%
?
???
94.6%
?
???
94.1%
?
???
93.5%
?
???
92.8%
Type this:
Type Faster!
% Correct
?
???
91.8%
?
???
90.4%
?
???
88.6%
?
???
86.3%
?
???
83.7%
?
???
77.7%
?
???
74.8%
?
???
70.6%
?
???
67.2%
?
???
60.9%
?
???
57.2%
?
???
53.6%
?
???
47.8%
?
???
42.9%
?
???
34.5%
?
???
26.8%
?
???
20%
?
???
13.3%
?
???
5.6%
Quiz Playlist
Details
Report
Send in Message
Add To Playlist
Classic:
Type in answers that appear in a list
No Skip:
Answers have to be entered in order without skipping
Last Updated: Feb 16, 2017
Quiz Scoreboard
CHALLENGE
Sign Up to Join the Scoreboard
Show All
Scores
Hide
Comments
May contain spoilers
Recently Published
Presidents Visiting Landmarks
by Hejman
History
7m
An Introduction to Baseball
by treessimontrees
Sports
5m
Movies - When Are They Set?
by FPL_Elf
Movies
5m
More to Explore
Quiz From the Vault
Featured Blog Post
Where Did the Easter Bunny Come From?
hide this ad
You Might Also Like...
Tags
Typing Quiz
angel
Buffy the Vampire Slayer
Speed
spike
Today's Top Quizzes in Just For Fun
Browse Just For Fun
hide this ad
Today's Top Quizzes in Typing
Browse Typing
Top Contributed Quizzes in Just For Fun
1
Spring Typing Challenge
2
Killer Double Trees 224 - Colour Match-Up
3
Crossword Whiteout! 49
4
Zeroing In: Just For Fun
5
Harry Potter Logic - 'In Chains' II
6
Survivor Winners Logic Puzzle
7
Word Ladder: Ahoy Matey
8
Kyle's 122nd Triple Trees
9
Edinburgh Fringe jokes 2015
10
Word Ladder: Wilderness Weapon
Explore More
Trending Topics
Anime
Disney
Crossword
NBA
Marvel
Harry Potter
Kpop
Song
Puzzle
The Office
Soccer
Pokémon
WWE
Country
NFL
hide this ad
More By:
itsme333
Quiz
Plays
Rating
Category
Featured
Created
Sporcle Logic Puzzle
10,718
3.19
Just For Fun
Dec 24, 2011
Harry Potter: Practical Exam
4,566
4.00
Literature
Oct 3, 2012
Buffy/Angel Typing Challenge
2,842
4.71
Just For Fun
Jan 2, 2012
Scifi/Fantasy A - Z
807
3.67
Entertainment
Oct 7, 2011
Harry Potter Triwizard Maze
574
2.29
Literature
Jul 15, 2011
Go to Creator's Profile
Score Distribution
Quiz Creator Spotlight
itsme333
Follow
Send a Message
Quizzes Created
-
Created Quiz Play Count
-
More By This Creator
Popular Quizzes Today
1
Find the US States - No Outlines Minefield
2
Find the Countries of Europe - No Outlines Minefield
3
The Countries of the World
4
Find the US States
5
Popular People in 1961
6
US States
7
Risky Map Clicking: Biggest States A-Z
8
Movies - When Are They Set?
More Just For Fun Quizzes
Dan's Classic Triple Trees 92 (Very Easy)
Quiz Lab
Trending Quizzes
Risky Map Clicking: Least Populous States A-Z
1-10 Letter G Words
1-10 Letter F Words
Risky Map Clicking: Next State Alphabetically
Risky Map Clicking: Biggest States A-Z
Recently Updated
Leaping Animals
pecheneg
Reality TV Shows (A-Z)
bhenderson79
Rickey Henderson's Hall of Fame Teammates
pecheneg
Champions League XIs: Arsenal
pecheneg
Quick Pick: Celebrities in WWE's Hall of Fame
aduchscher
A-Z Keypad Blitz II
pecheneg
Multiple Oscar Actors
pecheneg
Mystery Phrase Blitz: Oscar 'Best Actors'
pecheneg
F. Scott Fitzgerald Novels
LTH
Pick 3 Villains
ddd62291
Trending Topics
Crossword
Disney
NBA
Anime
Marvel
Kpop
Harry Potter
Song
Soccer
The Office
Puzzle
NFL
Pokémon
Country
WWE
Your Account Isn't Verified!
In order to create a playlist on Sporcle, you need to verify the email address you used during registration. Go to your
Sporcle Settings
to finish the process.
Report this User
Report this user for behavior that violates our
Community Guidelines
.
Details:
Send Report
Go to the Sporcle.com Mobile Site →
Comments